000 00972cab a22001935a 4500
001 L151554
008 101117e2010 xxk 000 0 eng d
035 _a(Sirsi) u151554
041 0 _aeng
100 1 _aPhillips, Mike
245 0 0 _aBanks dust off distressed City schemes
260 _c2010
490 0 _aProperty Week
_v76(45) 12 November 2010, 20-21 (2)
520 _aBelow the level of the new wave of high profile Square Mile developments renewed interest is emerging in the swathe of City distressed sites either in receivership or where banks have taken control from the original borrowers. With grade A office vacancies bottoming out in 2014/15 and rents likely to rise sharply lenders with distressed City schemes on their books are highlighting the potential of these sites. Examines the prospects of eight City distressed sites.
590 _aKA
651 4 _aLondon
690 _aPROPERTY-COMMERCIAL PROPERTY-COMMERCIAL PROPERTY MARKET
942 _n0
999 _c82821
_d82821